000 00929cac a22002775a 4500
008 150805s1982 xxua|||fr|||| 001 0 eng d
010 _a 81010589
020 _a0080263232
020 _a9780080263236
040 _beng
_dEG-ScBUE
082 0 4 _a621.4838
_bPOL
_222
245 0 _aThe Politics of nuclear waste /
_cEdited by E. William Colglazier, Jr.
260 _aNew York :
_bPergamon Press,
_cc. 1982.
300 _axxv, 264 p. :
_bill. ;
_c24 cm.
490 0 _aPergamon policy studies on energy
500 _a"An Aspen Institute book."
500 _aIndex : p. 259-262.
504 _aIncludes bibliographical references .
590 _adoaa mohamed
650 0 _aRadioactive waste disposal
_zUnited States.
_2BUEsh
650 0 _aNuclear energy
_xGovernment policy
_zUnited States.
_2BUEsh
651 _2BUEsh
653 _bGGEN
700 1 _aColglazier, E. William
_q(Elmer William)
942 _cBB
_k621.4838 POL
_2ddc
999 _c9635
_d9635